The physics and chemistry of color (Record no. 7893)

MARC details
000 -LEADER
fixed length control field 00641nam a2200205Ia 4500
003 - CONTROL NUMBER IDENTIFIER
control field IN-BaIIA
008 - FIXED-LENGTH DATA ELEMENTS--GENERAL INFORMATION
fixed length control field 211028s9999 xx 000 0 eng d
020 ## - INTERNATIONAL STANDARD BOOK NUMBER
International Standard Book Number 0-471-86776-4
040 ## - CATALOGING SOURCE
Transcribing agency IIA Library
080 ## - UNIVERSAL DECIMAL CLASSIFICATION NUMBER
Universal Decimal Classification number 535.64
Item number NAS
100 ## - MAIN ENTRY--PERSONAL NAME
Personal name Nassau, Kurt
9 (RLIN) 13311
245 #4 - TITLE STATEMENT
Title The physics and chemistry of color
Remainder of title the fifteen causes of color
Statement of responsibility, etc. Kurt Nassau
260 ## - PUBLICATION, DISTRIBUTION, ETC.
Place of publication, distribution, etc. New York
Name of publisher, distributor, etc. John Wiley & Sons
Date of publication, distribution, etc. 1983
300 ## - PHYSICAL DESCRIPTION
Extent xx, 454p.
490 ## - SERIES STATEMENT
Series statement Wiley series in pure and applied optics
650 ## - SUBJECT ADDED ENTRY--TOPICAL TERM
Topical term or geographic name entry element Colour vision
9 (RLIN) 13312
650 ## - SUBJECT ADDED ENTRY--TOPICAL TERM
Topical term or geographic name entry element NASA thesaurus
650 ## - SUBJECT ADDED ENTRY--TOPICAL TERM
Topical term or geographic name entry element Physical optics
942 ## - ADDED ENTRY ELEMENTS (KOHA)
Koha item type Books
Holdings
Withdrawn status Lost status Damaged status Not for loan Home library Current library Shelving location Date acquired Cost, normal purchase price Total Checkouts Full call number Barcode Date last seen Cost, replacement price Price effective from Koha item type Purchase Price
        IIA Library-Bangalore IIA Library-Bangalore General Stacks 05/07/1984 443.00   535.64/ NAS 8716 05/11/2021 443.00 05/07/1984 Books Rs. 443.00

Powered by Koha